| 000 | 01150nam a2200229 a 4500 | ||
|---|---|---|---|
| 008 | 120416s2005 ||||||||||||||||| || u | ||
| 020 | _a0131918567 | ||
| 050 | _aHD 62.7 Zim | ||
| 100 | _aZimmerer, Thomas W | ||
| 245 | 1 | 0 | _aEssentials of entrepreneurship and small business management |
| 250 | _a4th ed. | ||
| 260 |
_aNew Jersey _bPearson Education, Inc _c2005 |
||
| 300 | _axiv, 578p. : ill. | ||
| 350 | _a0.00 | ||
| 650 | 0 | _aBUSINESS | |
| 650 | 0 | _aENTREPRENEURSHIP | |
| 650 | _aSMALL BUSINESS--MANAGEMENT | ||
| 995 |
_aBINDERY (DAMAGED) _D0.00 _e736474 _FCBU-MAIN LIBRARY (Kitwe) _H2 _I25.00 _jHD 62.7 Zim _M2 _UDAMAGED _y40726 _ZMain Library Open Access Collection |
||
| 995 |
_aMAIN LIBRARY OPEN ACCESS _D0.00 _e736471 _FCBU-MAIN LIBRARY (Kitwe) _H4 _I25.00 _jHD 62.7 Zim _M4 _UAVAILABLE _y40724 _ZMain Library Open Access Collection |
||
| 995 |
_aSHORT LOAN BOOKS _D0.00 _e736472 _FCBU-MAIN LIBRARY (Kitwe) _H1 _I25.00 _jHD 62.7 Zim _M1 _UAVAILABLE _WJul 11, 2006 _y40723 _ZShort Loan Collection |
||
| 995 |
_aBINDERY (DAMAGED) _D0.00 _e736473 _FCBU-MAIN LIBRARY (Kitwe) _H3 _I25.00 _jHD 62.7 Zim _M3 _UAVAILABLE _WJul 21, 2006 _y40725 _ZMain Library Open Access Collection |
||
| 999 |
_c62837 _d62837 |
||